Outsourcing within Airport Services

Kľúčové otázky outsourcingu v oblasti pozemných služieb letiska.

Na minha lista:
Detalhes bibliográficos
Autor principal: Pružinský, Michal, 1952-
Outros Autores: Mihalčová, Bohuslava, 1963-
Formato: Capítulo de Livro
Idioma:inglês
Assuntos:
Tags: Adicionar Tag
Sem tags, seja o primeiro a adicionar uma tag!

MARC

LEADER 00000nla a2200000 4500
001 0241075
005 20240502083646.8
041 0 |a eng 
044 |a PL 
245 1 0 |a Outsourcing within Airport Services  |c Michal Pružinský, Bohuslava Mihalčová 
520 |a Kľúčové otázky outsourcingu v oblasti pozemných služieb letiska. 
610 2 0 |a outsourcing 
610 2 0 |a letiská 
610 2 0 |a služby 
100 1 |a Pružinský, Michal, 1952- 
700 1 |a Mihalčová, Bohuslava, 1963-